A Study of Linguistic Features of Proverbs Containing Weather Terms in English Versus Vietnamese / Linguistic Weather

This thesis is conducted to investigate the semantic and syntactic features of proverbs containing weather terms in English versus Vietnamese. The object under investigation is proverbs containing weather terms ….

Đã lưu trong:
Bibliografiske detaljer
Hovedforfatter: Nguyễn Thị Lựu
Andre forfattere: Ho Thi Kieu Oanh Ph.D huong dan
Format: Ukendt
Sprog:English
Udgivet: 2012.
Fag:
Tags: Tilføj Tag
Ingen Tags, Vær først til at tagge denne postø!
Thư viện lưu trữ: Mạng thư viện Đại học Đà Nẵng
LEADER 02896na a2200349 4500
001 000031050
003 5356
005 20230614093957.0
008 151001s2012 000 eng
040 |a LNN 
041 |a ENG 
082 |a 420.4  |b NG-L  |2 Linguistic Weather 
100 |a Nguyễn Thị Lựu 
245 2 |a A Study of Linguistic Features of Proverbs Containing Weather Terms in English Versus Vietnamese /  |c Nguyễn Thị Lựu  |n Linguistic Weather 
260 |c 2012. 
300 |a 116tr. : mh ; 30cm. 
520 |a This thesis is conducted to investigate the semantic and syntactic features of proverbs containing weather terms in English versus Vietnamese. The object under investigation is proverbs containing weather terms …. 
650 |a A Study of Linguistic Features of Proverbs Containing Weather Terms in English Versus Vietnamese, Linguistic, linguistic, 2012, 116tr, Nguyễn Thị Lựu 
700 |a Ho Thi Kieu Oanh  |b Ph.D  |c huong dan 
OWN |a LNN 
AVA |a UDN50  |b LNN  |c English  |d 420.4 NG-L  |e available  |t Error 5001 Not defined in file expand_doc_bib_avail.  |f 1  |g 0  |h N  |i 0  |j AN  |k 1 
Z40 3 |y A Study of Linguistic Features of Proverbs Containing Weather Terms in English Versus Vietnamese /  |l Library of UFL  |t VIEW  |x http://catalog.udn.vn:80/F?func=service&doc_library=UDN01&local_base=UDN01&doc_number=000031050&sequence=000001&line_number=0001&func_code=DB_RECORDS&service_type=MEDIA  |f tomtat2_000025922.pdf  |e pdf  |s 000252692  |k 20230614  |m NTMTHI 
Z40 3 |y A Study of Linguistic Features of Proverbs Containing Weather Terms in English Versus Vietnamese /  |l Library of UFL  |t VIEW  |x http://catalog.udn.vn:80/F?func=service&doc_library=UDN01&local_base=UDN01&doc_number=000031050&sequence=000002&line_number=0002&func_code=DB_RECORDS&service_type=MEDIA  |f thesis-new_000025924.pdf  |e pdf  |s 000754816  |k 20230614  |m NTMTHI 
999 |a From the UDN01 
AVA |a UDN50  |b LNN  |c English  |d 420.4 NG-L  |e available  |t Error 5001 Not defined in file expand_doc_bib_avail.  |f 1  |g 0  |h N  |i 0  |j AN  |k 1 
TYP |a Printed language 
856 |y A Study of Linguistic Features of Proverbs Containing Weather Terms in English Versus Vietnamese /  |l Library of UFL  |t VIEW  |x http://catalog.udn.vn:80/F?func=service&doc_library=UDN01&local_base=UDN01&doc_number=000031050&sequence=000001&line_number=0001&func_code=DB_RECORDS&service_type=MEDIA  |f tomtat2_000025922.pdf  |e pdf  |s 000252692  |k 20230614  |m NTMTHI 
856 |y A Study of Linguistic Features of Proverbs Containing Weather Terms in English Versus Vietnamese /  |l Library of UFL  |t VIEW  |x http://catalog.udn.vn:80/F?func=service&doc_library=UDN01&local_base=UDN01&doc_number=000031050&sequence=000002&line_number=0002&func_code=DB_RECORDS&service_type=MEDIA  |f thesis-new_000025924.pdf  |e pdf  |s 000754816  |k 20230614  |m NTMTHI 
980 |a Mạng thư viện Đại học Đà Nẵng